000 02507nam0a2200385 i 4500
001 RU\NLR\BIBL_A\010552306
005 20260408080438.0
010 _a9785503001501
_d40.00
_9100
021 _aRU
_b2014-75063
_94599
035 _a(NILC)LIBNET\0000482756
035 _a(NLR Aleph) 010552306
090 _a10342749
_c10342749
100 _a20141202d2014 km y0rusy50 ca
101 0 _arus
102 _aRU
105 _aa|||z|||100yy
200 1 _aКачество общего образования: условия, управление, система оценки
_eматериалы региональной (заочной) научно-практической конференции (Челябинск, 15 апреля 2014 года)
_f[отв. ред.: О. А. Семиздралова]
210 _aЧелябинск
_cЧИППКРО
_d2014
215 _a114 с.
_cил.
_d20
300 _aВ надзаг.: Гос. бюджет. образоват. учреждение доп. проф. образования "Челяб. ин-т переподгот. и повышения квалификации работников образования", Муницип. бюджет. общеобразоват. учреждение Нач. общеобразоват. шк. № 95 г. Челябинска
320 _aБиблиогр. в конце ст.
606 1 _aСреднее образование
_jСъезды, совещания и т.п
_xКачество
_92606810
_3RU\NLR\AUTH\661543368
610 2 _aкачество общего образования
610 2 _aкачество начального образования
610 2 _aуправление качеством образования
610 2 _aоценка качества образования
686 1 _aЧ421.28я431
702 1 _4340
_aСемиздралова
_bО. А.
_cканд. психол. наук
_gОльга Анатольевна
_9146324
_3RU\NLR\AUTH\770146360
712 0 2 _4570
_aЧелябинский институт переподготовки и повышения квалификации работников образования
_3RU\NLR\AUTH\8810094786
_9690730
801 0 _aRU
_bЧелябинская ОУНБ
_c20140916
_grcr
_2rusmarc
801 1 _aRU
_bЧелябинская ОУНБ
_c20141003
_2rusmarc
942 _cBOOK
980 _aNBR